000 00562cam a22001574a 4500
020 _a1405112530 (pbk.)
082 0 0 _a720.472
_bWAT
_cN-01, P-103
100 1 _aWaters, J. R.
_941151
245 1 0 _aEnergy conservation in buildings :
_ba guide to Part L of the Building regulations /
_cJ.R. Waters.
260 _aMalden, MA :
_bBlackwell Pub.,
_c2003.
300 _axiv, 202 p. :
_bill. ;
_c25 cm.
526 _a0
_b0
_c0
_d720_472000000000000_WAT
650 0 _aBuildings
_xEnergy conservation
_xStandards
_zGreat Britain.
_941152
650 0 _aMCE
_9379
942 _2ddc
_cBK
999 _c549199
_d549199